WW3 Sides - Statistics

General Stats
  • This quiz has been taken 831 times
  • The average score is 29 of 60
Answer Stats
Side Answer % Correct
Axis Russia
94%
Axis China
92%
Allies United Kingdom
90%
Allies USA
90%
Allies Germany
82%
Allies France
81%
Axis North Korea
79%
Allies Japan
77%
Allies Canada
75%
Allies India
72%
Axis Iran
71%
Allies South Korea
70%
Allies Spain
69%
Allies Ukraine
69%
Axis Pakistan
66%
Axis Iraq
64%
Allies Turkey
64%
Axis Brazil
63%
Axis Belarus
60%
Allies Norway
58%
Allies Poland
56%
Allies Finland
55%
Allies Portugal
55%
Allies Israel
54%
Allies Greece
52%
Axis Syria
52%
Axis Kazakhstan
51%
Allies Vietnam
51%
Allies Saudi Arabia
50%
Axis Afghanistan
45%
Allies Argentina
44%
Allies Taiwan
44%
Axis Mongolia
43%
Axis Cuba
41%
Allies Denmark
41%
Allies Romania
40%
Allies Latvia
39%
Allies Estonia
38%
Allies Lithuania
38%
Allies New Zealand
37%
Allies Bulgaria
36%
Allies Thailand
36%
Axis Turkmenistan
36%
Axis Uzbekistan
36%
Axis Yemen
36%
Axis Kyrgyzstan
34%
Axis Tajikistan
34%
Axis Venezuela
34%
Allies Oman
32%
Allies Azerbaijan
29%
Allies Georgia
29%
Allies Colombia
28%
Allies Moldova
23%
Allies Croatia
22%
Allies Malaysia
21%
Allies Bhutan
8%
Allies Austrailia
4%
Allies Tibet Rebels
2%
Allies Hong Kong Rebels
1%
Axis Somolia
1%
No matching quizzes found
Score Distribution
Percent of People with Each Score
Percentile by Number Answered
Your Score History
You have not taken this quiz